000 01197nam a22004097a 4500
001 BR7603654
003 BR-BrBNA
005 20230928085036.0
007 ta
008 230509b bl.||||| |||| 00| 0 por d
040 _aBR-BrBNA
_bpor
_cBiblioteca Nacional de Agricultura
041 _a(Por)
072 _aE15; L00; E70
_b5212
_b5300
_b5240
_b5250
_b6000
_b5100
_b9702
_b9704
_b9705
_b9410
_b9600
_b1910
_b/G514
090 _ 5212 BR7603654
100 1 _aGutierrez, J.S.
110 1 _aSecretaria Nacional de Planejamento Agricola, Brasilia, DF (Brasil). Secretaria de Estatistica Agropecuaria
_99219
245 1 _aProjecoes pecuarias por regiao e por especie Brasil - 1976 a 1985 [estatistica de producao]
260 3 _aBrasilia, DF (Brasil):
_c1976.
300 _a77 p.
500 _aNumerical data
650 _aBOVINO
650 _aSUINO
650 _aOVINO
650 _aCAPRINO
650 _aAVE DOMESTICA
650 _aEQUINO
650 _aCARNE
650 _aLEITE
650 _aOVO
650 _aPASTAGEM
650 _aESTATISTICA DE PRODUCAO
650 _aABATE
650 _aDEMANDA
650 _aCONSUMO
909 _a202309
_bLucia
_c55
_dLucia Elande
942 _cBK
999 _c22519
_d22519